000 nam a22 7a 4500
999 _c127376
_d127376
008 180112b xxu||||| |||| 00| 0 eng d
050 _aDT434.U2 B41
100 _aBeattie, John
_930661
245 _aUn reame africano
_bBunyoro e le difficolta per comprenderlo
_cJohn Beattie
260 _aRoma
_bOfficina Edizioni
_c1974
300 _a275p. ;
_c21cm.
440 _aOfficina/etnologia
_n4
_938439
650 _aEthnology
_zUganda
_938177
650 _aBunyoro (Uganda)
_931543
942 _2lcc
_cMONOGRAPH